Xue Gongmin gong zou shu /

Saved in:
Bibliographic Details
Main Author: Xue, Sancai, jin shi 1586.
Format: Book
Language:Chinese
Published: Taibei : Wei wen tu shu chu ban she, Min guo 66 [1977]
Series:Ming ji shi liao ji zhen ; di 2 ji.
Subjects:
Tags: Add Tag
No Tags, Be the first to tag this record!
LEADER 01405cam a2200349 i 4500
001 005200909-2
005 20024617104250.0
008 900726s1977 ch 000 0 chi
010 |a 79836697 
035 0 |a ocm22148425 
040 |a DLC  |c CLU  |d MH-HY  |d CStRLIN 
050 0 0 |a DS753  |b .H78 
100 1 |6 880-01  |a Xue, Sancai,  |d jin shi 1586. 
245 1 0 |6 880-02  |a Xue Gongmin gong zou shu /  |c Xue Sancai zhuan. 
260 |6 880-03  |a Taibei :  |b Wei wen tu shu chu ban she,  |c Min guo 66 [1977] 
300 |a 3 v. ;  |c 22 cm. 
490 1 |6 880-04  |a Ming ji shi liao ji zhen ;  |v di 2 ji 
500 |a Series statement in colophon: Ming dai shi liao ji zhen. 
500 |6 880-05  |a "Ben shu xi Zhong yang tu shu guan suo cang". 
500 |a Reproduced from ms. copy. 
505 0 |6 880-06  |a [1] juan 1-7. shang--[2] juan 8-14. xia--[3] bu fen juan. 
651 0 |a China  |x History  |y Ming dynasty, 1368-1644. 
880 1 |6 100-01  |a 薛三才,  |d jin shi 1586. 
880 1 0 |6 245-02  |a 薛恭敏公奏疏 /  |c 薛三才撰. 
880 |6 260-03  |a 臺北 :  |b 偉文圖書出版社,  |c 民國66 [1977] 
880 1 |6 490-04  |a 明季史料集珍 ;  |v 第2輯 
880 |6 500-05  |a "本書係中央圖書館所藏". 
880 0 |6 505-06  |a [1] 卷 1-7. 上--[2] 卷 8-14. 下--[3] 不分卷. 
830 0 |6 880-54  |a Ming ji shi liao ji zhen ;  |v di 2 ji. 
880 0 |6 830-54  |a 明季史料集珍 ;  |v 第2輯. 
988 |a 20021127 
906 |0 DLC